<?xml version="1.0" encoding="UTF-8"?>
<record
    xmlns:xsi="http://www.w3.org/2001/XMLSchema-instance"
    xsi:schemaLocation="http://www.loc.gov/MARC21/slim http://www.loc.gov/standards/marcxml/schema/MARC21slim.xsd"
    xmlns="http://www.loc.gov/MARC21/slim">

  <leader>00864nam a2200217 i 4500</leader>
  <controlfield tag="001">63448</controlfield>
  <controlfield tag="003">ES-MaACL</controlfield>
  <controlfield tag="005">20250707074011.0</controlfield>
  <controlfield tag="007">t|</controlfield>
  <controlfield tag="008">031210s1956    sp           ||||1| spa d</controlfield>
  <datafield tag="100" ind1="1" ind2=" ">
    <subfield code="a">Ferrer Ezquerra, Luis.</subfield>
    <subfield code="9">50461</subfield>
  </datafield>
  <datafield tag="245" ind1="1" ind2="0">
    <subfield code="a">Cat&#xE1;logo de colegiales del Colegio Mayor de Santiago el Cebedeo, del Arzobispo de Salamanca / </subfield>
    <subfield code="c">Luis Ferrer Ezquerra, Higinio Misol Garc&#xED;a.</subfield>
  </datafield>
  <datafield tag="260" ind1=" " ind2=" ">
    <subfield code="a">Salamanca : </subfield>
    <subfield code="b">Universidad de Salamanca, </subfield>
    <subfield code="c">1956 (</subfield>
    <subfield code="e">Madrid : </subfield>
    <subfield code="f">Yag&#xFC;es)</subfield>
  </datafield>
  <datafield tag="300" ind1=" " ind2=" ">
    <subfield code="a">245 p. ; </subfield>
    <subfield code="c">24 cm.</subfield>
  </datafield>
  <datafield tag="490" ind1="1" ind2=" ">
    <subfield code="a">Acta Salmanticensia. Historia de la Universidad ; </subfield>
    <subfield code="v">1, n.3</subfield>
  </datafield>
  <datafield tag="610" ind1="2" ind2="4">
    <subfield code="a">Colegio Arzobispo Fonseca (Salamanca)</subfield>
    <subfield code="9">157572</subfield>
  </datafield>
  <datafield tag="700" ind1="1" ind2=" ">
    <subfield code="a">Misol Garc&#xED;a, Higinio.</subfield>
    <subfield code="9">81654</subfield>
  </datafield>
  <datafield tag="830" ind1="0" ind2="0">
    <subfield code="a">Acta Salmanticensia. Historia de la Universidad</subfield>
    <subfield code="v">1, n.3</subfield>
    <subfield code="9">178181</subfield>
  </datafield>
  <datafield tag="852" ind1=" " ind2=" ">
    <subfield code="a">ES-MaACL</subfield>
    <subfield code="j">C-12926 </subfield>
    <subfield code="b">R.40707</subfield>
  </datafield>
  <datafield tag="999" ind1=" " ind2=" ">
    <subfield code="c">63448</subfield>
    <subfield code="d">63448</subfield>
  </datafield>
  <datafield tag="952" ind1=" " ind2=" ">
    <subfield code="0">0</subfield>
    <subfield code="1">0</subfield>
    <subfield code="4">0</subfield>
    <subfield code="7">0</subfield>
    <subfield code="a">ATENEOM</subfield>
    <subfield code="b">ATENEOM</subfield>
    <subfield code="c">SPAL</subfield>
    <subfield code="d">2008-01-17</subfield>
    <subfield code="e">SC</subfield>
    <subfield code="l">0</subfield>
    <subfield code="o">C-12926</subfield>
    <subfield code="p">1066504</subfield>
    <subfield code="r">2023-02-23 00:00:00</subfield>
    <subfield code="w">2023-02-23</subfield>
    <subfield code="y">MONOGRAFIA</subfield>
  </datafield>
</record>
